All Marvel Cinematic Universe Movies And Shows! - Statistics

General Stats
  • This quiz has been taken 768 times
    32 since last reset
  • The average score is 55 of 75
Answer Stats
Groups Years Projects % Correct
Movie 2011 Captain America: The First Avenger
100%
Movie 2008 Iron Man
100%
Movie 2010 Iron Man 2
100%
Movie 2013 Iron Man 3
100%
Movie 2008 The Incredible Hulk
100%
Movie 2011 Thor
100%
Movie 2014 Captain America: The Winter Soldier
96%
Movie 2015 Avengers: Age of Ultron
92%
Movie 2018 Avengers: Infinity War
92%
Movie 2016 Captain America: Civil War
92%
Movie 2017 Spider-Man: Homecoming
92%
Movie 2012 The Avengers
92%
Movie 2015 Ant-Man
88%
Movie 2019 Avengers: Endgame
88%
TV Show 2015-2018 Daredevil
88%
TV Show 2025-present Daredevil: Born Again
88%
Movie 2022 Doctor Strange in the Multiverse of Madness
88%
Movie 2014 Guardians of the Galaxy
88%
Movie 2019 Spider-Man: Far From Home
88%
Special 2022 The Guardians of the Galaxy Holiday Special
88%
Movie 2017 Thor: Ragnarok
88%
Movie 2013 Thor: The Dark World
88%
TV Show 2013-2020 Agents of S.H.I.E.L.D.
85%
Movie 2018 Ant-Man and the Wasp
85%
Movie 2018 Black Panther
85%
Movie 2021 Black Widow
85%
Movie 2016 Doctor Strange
85%
Movie 2021 Spider-Man: No Way Home
85%
Movie 2025 Thunderbolts: The New Avengers
85%
Movie 2019 Captain Marvel
81%
Movie 2021 Eternals
81%
Miniseries 2025-2025 Eyes of Wakanda
81%
Movie 2017 Guardians of the Galaxy Vol. 2
81%
TV Show 2017-2018 Iron Fist
81%
TV Show 2021-2023 Loki
81%
Movie 2025 The Fantastic Four: First Steps
81%
Movie 2022 Black Panther: Wakanda Forever
77%
TV Show 2015-2019 Jessica Jones
77%
Movie 2021 Shang-Chi and the Legend of the Ten Rings
77%
Movie 2022 Thor: Love And Thunder
77%
Movie 2023 Ant-Man and the Wasp: Quantumania
73%
Movie 2026 Avengers: Doomsday
73%
Movie 2023 Guardians of the Galaxy Vol. 3
73%
TV Show 2016-2019 Luke Cage
73%
TV Show 2022-2022 Moon Knight
73%
TV Show 2018-2019 Punisher
73%
Miniseries 2021-2021 The Falcon and the Winter Soldier
73%
Movie 2023 The Marvels
73%
Miniseries 2026-2026 Vision Quest
73%
Miniseries 2021-2021 Hawkeye
69%
Miniseries 2021-2021 WandaVision
69%
Short Film 2013 Agent Carter
65%
TV Show 2015-2016 Agent Carter
65%
Movie 2027 Avengers: Secret Wars
65%
Movie 2025 Captain America: Brave New World
65%
Movie 2024 Deadpool and Wolverine
65%
Miniseries 2022-2022 Ms. Marvel
65%
TV Show 2022-2022 She-Hulk: Attorney at Law
62%
Miniseries 2025-2025 Ironheart
58%
Movie 2026 Spider-Man: Brand New Day
58%
Miniseries 2017-2017 The Defenders
58%
TV Show 2022-2023 I Am Groot
54%
Special 2022 Werewolf by Night
54%
TV Show 2026-Present Wonder Man
54%
Miniseries 2017-2017 Inhumans
50%
Miniseries 2023-2023 Secret Invasion
50%
Miniseries 2024-2024 Agatha All Along
46%
TV Show 2018-2019 Cloak and Dagger
46%
TV Show 2017-2019 Runaways
35%
Short Film 2011 A Funny Thing Happened on the Way to Thor's Hammer
31%
Miniseries 2023-2024 Echo
31%
Short Film 2011 The Consultant
31%
Short Film 2014 All Hail the King
27%
Short Film 2012 Item 47
27%
Special 2026 Punisher: One Last Kill
27%
No matching quizzes found
Score Distribution
Percent of People with Each Score
Percentile by Number Answered
Your Score History
You have not taken this quiz since the last reset